<?xml version="1.0" encoding="UTF-8"?>
<collection xmlns="http://www.loc.gov/MARC21/slim">
 <record>
  <leader>00894nam a2200217 a 4500</leader>
  <controlfield tag="001">2740732</controlfield>
  <controlfield tag="008">101128r19841970maua          000 0 eng d</controlfield>
  <datafield tag="010" ind1=" " ind2=" ">
   <subfield code="a">   78109507 </subfield>
  </datafield>
  <datafield tag="020" ind1=" " ind2=" ">
   <subfield code="a">0201007355</subfield>
  </datafield>
  <datafield tag="040" ind1=" " ind2=" ">
   <subfield code="a">DLC</subfield>
   <subfield code="c">DLC</subfield>
   <subfield code="d">DLC</subfield>
   <subfield code="d">BD-DhAAL</subfield>
  </datafield>
  <datafield tag="082" ind1="0" ind2="0">
   <subfield code="a">808.5</subfield>
  </datafield>
  <datafield tag="100" ind1="1" ind2=" ">
   <subfield code="a">Burby, Raymond J.,</subfield>
   <subfield code="d">1916-</subfield>
  </datafield>
  <datafield tag="245" ind1="1" ind2="0">
   <subfield code="a">Communicating with people :</subfield>
   <subfield code="b">the supervisor's introduction to verbal communication and decision-making /</subfield>
   <subfield code="c">Raymond J. Burby.</subfield>
  </datafield>
  <datafield tag="260" ind1=" " ind2=" ">
   <subfield code="a">Reading, Mass.,</subfield>
   <subfield code="b">Addison-Wesley</subfield>
   <subfield code="c">1970.[Reprinted 1984]</subfield>
  </datafield>
  <datafield tag="300" ind1=" " ind2=" ">
   <subfield code="a">xi, 164 p.</subfield>
   <subfield code="b">illus.</subfield>
   <subfield code="c">22 cm.</subfield>
  </datafield>
  <datafield tag="490" ind1="0" ind2=" ">
   <subfield code="a">Addison-Wesley series in supervisory training</subfield>
  </datafield>
  <datafield tag="541" ind1="1" ind2=" ">
   <subfield code="e">00002536</subfield>
  </datafield>
  <datafield tag="650" ind1=" " ind2="0">
   <subfield code="a">Oral communication.</subfield>
  </datafield>
  <datafield tag="852" ind1="4" ind2=" ">
   <subfield code="a">Ayesha Abed library</subfield>
   <subfield code="j">General Shelf</subfield>
  </datafield>
  <datafield tag="999" ind1=" " ind2=" ">
   <subfield code="c">10121</subfield>
   <subfield code="d">10121</subfield>
  </datafield>
  <datafield tag="952" ind1=" " ind2=" ">
   <subfield code="0">0</subfield>
   <subfield code="1">0</subfield>
   <subfield code="2">ddc</subfield>
   <subfield code="4">0</subfield>
   <subfield code="6">808_500000000000000_BUR</subfield>
   <subfield code="7">0</subfield>
   <subfield code="9">13369</subfield>
   <subfield code="a">BRACUL</subfield>
   <subfield code="b">BRACUL</subfield>
   <subfield code="c">GEN</subfield>
   <subfield code="d">2010-12-01</subfield>
   <subfield code="g">984.45</subfield>
   <subfield code="l">1</subfield>
   <subfield code="m">18</subfield>
   <subfield code="o">808.5 BUR</subfield>
   <subfield code="p">3010002536</subfield>
   <subfield code="r">2016-08-01</subfield>
   <subfield code="s">2016-03-16</subfield>
   <subfield code="t">1</subfield>
   <subfield code="w">2010-12-01</subfield>
   <subfield code="y">BK</subfield>
  </datafield>
 </record>
</collection>
